LEADER 01412nam0 2200289 450 001 000034555 005 20141117140048.0 100 $a20130325d2012----km-y0itay50------ba 101 0 $aita 102 $aIT 105 $aa---m-------- 200 1 $a<> radioprotezione nella gestione dei rifiuti radioattivi solidi ottenuti da smantellamento di impianto nucleare$bTesi di dottorato$fdottorando: Giovanni Varasano$gcoordinatore: Vinicio Magi$grelatori: Antonio D'Angola, Francesco Mancini 210 $a[Potenza]$d2012 215 $a171 p.$cill.$d30 cm. 328 1$aSul frontespizio: Università degli Studio della Basilicata, Dottorato di ricerca in Ingegneria industriale e dell'innovazione , XXIV ciclo, A.a. 2010-2011 676 $a363.7285$v(22. ed.)$9Problemi ambientali. Rifiuti solidi 686 $aING-IND/18$cFisica dei reattori nucleari 700 1$aVarasano,$bGiovanni$0446348 801 0$aIT$bUniversità della Basilicata - B.I.A.$gREICAT$2unimarc 912 $a000034555 996 $aRadioprotezione nella gestione dei rifiuti radioattivi solidi ottenuti da smantellamento di impianto nucleare$997841 997 $aUNIBAS BAS $aINGEGNERIA CAT $aSTD088$b01$c20130325$lBAS01$h1347 CAT $aTTM$b30$c20141117$lBAS01$h1400 FMT Z30 -1$lBAS01$LBAS01$mBOOK$1BASA2$APolo Tecnico-Scientifico$2TDO$BTesi di Dottorato$3TDI.24c.VG1$528553-10$820130325$f98$FConsultazione LEADER 00973nam0-2200313 --450 001 9910567499503321 005 20220526153621.0 010 $a9783110735192 100 $a20220526d2021----kmuy0itay5050 ba 101 0 $ager 102 $aDE 105 $a 001yy 200 1 $aDeutsch in Europa$esprachpolitisch, grammatisch, methodisch$fherausgegeben von Henning Lobin, Andreas Witt und Angelika Wöllstein 210 $aBerlin$aBoston$cde Gruyter$d2021 215 $aXVII, 332 p.$cill.$d24 cm 300 $aJahrbuch des Instituts für Deutsche Sprache 2020 676 $a430 676 $a435 702 1$aWitt,$bAndreas 702 1$aWollstein,$bAngelika 702 1$aLobin,$bHenning 712 02$aLeibniz-Institut für deutsche Sprache$c 801 0$aIT$bUNINA$gREICAT$2UNIMARC 901 $aBK 912 $a9910567499503321 952 $a430 LOBH 01$b2022/766$fFLFBC 959 $aFLFBC 996 $aDeutsch in Europa$9480138 997 $aUNINA